[Event "European Clubs Cup"]
[Site "chess24.com"]
[Date "2018.10.12"]
[Round "1"]
[White "Csonka, Attila Istvan"]
[Black "Linnanen, Lassi"]
[Result "1/2-1/2"]
[WhiteElo "2353"]
[BlackElo "2153"]
[Annotator ""]
[Source ""]
[Remark ""]

1.e4 {[%clk 1:30:54]} e5 {[%clk 1:30:43]} 2.Nf3 {[%clk 1:30:59]}
Nc6 {[%clk 1:31:01]} 3.Bc4 {[%clk 1:31:14]} Bc5 {[%clk 1:31:13]}
4.d3 {[%clk 1:31:06]} Nf6 {[%clk 1:31:06]} 5.c3 {[%clk 1:30:10]}
d6 {[%clk 1:30:38]} 6.O-O {[%clk 1:28:16]} O-O {[%clk 1:30:20]}
7.Nbd2 {[%clk 1:27:48]} a5 {[%clk 1:24:35]} 8.Re1 {[%clk 1:25:27]}
Be6 {[%clk 1:21:52]} 9.a4 {[%clk 1:19:48]} Qb8 {[%clk 1:11:46]}
10.Qb3 {[%clk 1:16:01]} Qa7 {[%clk 1:10:50]} 11.Re2 {[%clk 1:06:49]}
Rae8 {[%clk 0:58:00]} 12.h3 {[%clk 1:00:18]} Nh5 {[%clk 0:53:29]}
13.Nf1 {[%clk 1:00:11]} Qb6 {[%clk 0:49:34]} 14.Qxb6 {[%clk 0:56:51]}
Bxb6 {[%clk 0:49:54]} 15.Bb5 {[%clk 0:56:30]} Rd8 {[%clk 0:44:14]}
16.Be3 {[%clk 0:49:42]} Bxe3 {[%clk 0:38:33]} 17.Nxe3 {[%clk 0:49:04]}
Na7 {[%clk 0:38:03]} 18.Bc4 {[%clk 0:48:36]} Bxc4 {[%clk 0:37:55]}
19.dxc4 {[%clk 0:47:41]} Nf4 {[%clk 0:34:38]} 20.Rd2 {[%clk 0:47:33]}
g6 {[%clk 0:33:35]} 21.Rad1 {[%clk 0:45:25]} Ne6 {[%clk 0:31:26]}
22.Nd5 {[%clk 0:42:08]} Nc6 {[%clk 0:30:27]} 23.Ne1 {[%clk 0:38:50]}
f5 {[%clk 0:30:07]} 24.exf5 {[%clk 0:32:32]} gxf5 {[%clk 0:28:05]}
25.Nd3 {[%clk 0:30:53]} Rd7 {[%clk 0:26:45]} 26.f4 {[%clk 0:28:08]}
e4 {[%clk 0:24:34]} 27.Nc1 {[%clk 0:24:05]} Ne7 {[%clk 0:23:06]}
28.g3 {[%clk 0:20:15]} Nc5 {[%clk 0:22:35]} 29.Ne2 {[%clk 0:15:57]}
b6 {[%clk 0:19:01]} 30.Ne3 {[%clk 0:14:25]} Nc6 {[%clk 0:16:01]}
31.Nd4 {[%clk 0:11:23]} Nxd4 {[%clk 0:15:33]} 32.cxd4 {[%clk 0:11:32]}
Nd3 {[%clk 0:15:23]} 33.b3 {[%clk 0:11:11]} c6 {[%clk 0:14:56]}
34.d5 {[%clk 0:10:41]} c5 {[%clk 0:15:03]} 35.Kh2 {[%clk 0:07:10]}
Rg7 {[%clk 0:13:23]} 36.Ng2 {[%clk 0:05:43]} Kf7 {[%clk 0:11:13]}
37.Ne1 {[%clk 0:02:40]} Nxe1 {[%clk 0:10:51]} 1/2-1/2

[Event "European Clubs Cup"]
[Site "chess24.com"]
[Date "2018.10.12"]
[Round "1"]
[White "Lammi, Jyri"]
[Black "Takacs, Laszlo"]
[Result "0-1"]
[WhiteElo "2099"]
[BlackElo "2245"]
[Annotator ""]
[Source ""]
[Remark ""]

1.b3 {[%clk 1:30:56]} e5 {[%clk 1:30:42]} 2.Bb2 {[%clk 1:31:08]}
Nc6 {[%clk 1:31:04]} 3.e3 {[%clk 1:31:10]} d6 {[%clk 1:30:11]}
4.d4 {[%clk 1:30:40]} exd4 {[%clk 1:24:07]} 5.exd4 {[%clk 1:31:08]}
Nf6 {[%clk 1:24:14]} 6.Nf3 {[%clk 1:30:19]} d5 {[%clk 1:14:58]}
7.Be2 {[%clk 1:19:42]} Bd6 {[%clk 1:11:55]} 8.O-O {[%clk 1:19:50]}
O-O {[%clk 1:12:06]} 9.c4 {[%clk 1:17:23]} Re8 {[%clk 1:10:55]}
10.Nc3 {[%clk 1:17:33]} Bf8 {[%clk 1:09:46]} 11.Ne5 {[%clk 1:09:08]}
Nxd4 {[%clk 0:40:24]} 12.Qxd4 {[%clk 0:58:58]} c5 {[%clk 0:40:45]}
13.Qh4 {[%clk 0:38:45]} d4 {[%clk 0:35:03]} 14.Bd3 {[%clk 0:37:40]}
dxc3 {[%clk 0:19:45]} 15.Bxc3 {[%clk 0:37:17]} h6 {[%clk 0:13:53]}
16.Rad1 {[%clk 0:33:48]} Qc7 {[%clk 0:14:10]} 17.f4 {[%clk 0:33:31]}
Be7 {[%clk 0:10:57]} 18.Bb1 {[%clk 0:26:43]} b6 {[%clk 0:07:07]}
19.Qf2 {[%clk 0:23:57]} Bb7 {[%clk 0:06:34]} 20.Rfe1 {[%clk 0:23:59]}
Rad8 {[%clk 0:06:44]} 21.Rxd8 {[%clk 0:23:54]} Rxd8 {[%clk 0:07:05]}
22.Qc2 {[%clk 0:24:01]} Bc8 {[%clk 0:03:55]} 23.Nc6 {[%clk 0:11:37]}
Qxc6 {[%clk 0:04:04]} 24.Bxf6 {[%clk 0:11:59]} g6 {[%clk 0:01:01]}
25.Bxe7 {[%clk 0:12:07]} Rd4 {[%clk 0:01:14]} 26.Qf2 {[%clk 0:08:38]}
Bb7 {[%clk 0:01:37]} 27.Qg3 {[%clk 0:05:26]} Rxf4 {[%clk 0:01:02]}
28.Bc2 {[%clk 0:05:44]} Rd4 {[%clk 0:00:45]} 29.Rf1 {[%clk 0:02:57]}
Qd7 {[%clk 0:00:32]} 30.Bf6 {[%clk 0:02:19]} Rd2 {[%clk 0:00:46]}
31.Rf2 {[%clk 0:02:36]} Rxc2 {[%clk 0:01:04]} 32.Rxc2 {[%clk 0:01:15]}
Qd1+ {[%clk 0:01:28]} 33.Kf2 {[%clk 0:01:41]} Qxc2+ {[%clk 0:01:53]}
34.Kf1 {[%clk 0:01:54]} Qb1+ {[%clk 0:01:49]} 35.Kf2 {[%clk 0:01:38]}
Qxa2+ {[%clk 0:01:37]} 36.Kf1 {[%clk 0:01:46]} Qb1+ {[%clk 0:01:59]}
37.Ke2 {[%clk 0:01:44]} Qe4+ {[%clk 0:02:01]} 38.Kf1 {[%clk 0:01:37]}
Qf5+ {[%clk 0:01:49]} 39.Qf2 {[%clk 0:01:52]} Qd3+ {[%clk 0:02:06]}
40.Ke1 {[%clk 0:30:59]} Qxb3 {[%clk 0:02:06]} 41.Qf4 {[%clk 0:28:09]}
Kh7 {[%clk 0:25:01]} 42.g4 {[%clk 0:18:10]} Qf3 {[%clk 0:21:33]}
43.Qd6 {[%clk 0:17:29]} Qe3+ {[%clk 0:21:48]} 44.Kf1 {[%clk 0:16:51]}
Bf3 {[%clk 0:21:39]} 45.Qg3 {[%clk 0:16:14]} Be2+ {[%clk 0:21:46]}
46.Kg2 {[%clk 0:16:13]} Qxg3+ {[%clk 0:22:01]} 0-1

[Event "European Clubs Cup"]
[Site "chess24.com"]
[Date "2018.10.13"]
[Round "2"]
[White "Virtanen, Antti"]
[Black "Ashton, Adam G"]
[Result "1-0"]
[WhiteElo "2262"]
[BlackElo "2359"]
[Annotator ""]
[Source ""]
[Remark ""]

1.Nf3 {[%clk 1:30:56]} d5 {[%clk 1:30:35]} 2.e3 {[%clk 1:31:16]}
Nf6 {[%clk 1:29:58]} 3.c4 {[%clk 1:31:39]} e6 {[%clk 1:28:51]}
4.b3 {[%clk 1:31:50]} Be7 {[%clk 1:27:21]} 5.Bb2 {[%clk 1:32:13]}
O-O {[%clk 1:26:52]} 6.Nc3 {[%clk 1:32:00]} c5 {[%clk 1:24:20]}
7.cxd5 {[%clk 1:28:49]} Nxd5 {[%clk 1:23:20]} 8.Nxd5 {[%clk 1:27:35]}
Qxd5 {[%clk 1:22:46]} 9.Bc4 {[%clk 1:22:43]} Qd8 {[%clk 1:21:46]}
10.Qc2 {[%clk 1:22:25]} Nc6 {[%clk 1:17:46]} 11.h4 {[%clk 1:22:09]}
f5 {[%clk 1:02:10]} 12.Ng5 {[%clk 1:00:19]} Nb4 {[%clk 0:52:16]}
13.Qd1 {[%clk 0:55:19]} Qe8 {[%clk 0:29:06]} 14.a3 {[%clk 0:49:09]}
b5 {[%clk 0:20:18]} 15.Be2 {[%clk 0:46:03]} Nd5 {[%clk 0:19:00]}
16.a4 {[%clk 0:44:24]} bxa4 {[%clk 0:18:14]} 17.Rxa4 {[%clk 0:44:46]}
h6 {[%clk 0:16:32]} 18.Nf3 {[%clk 0:44:23]} Bd7 {[%clk 0:16:28]}
19.Ra5 {[%clk 0:42:42]} Nb4 {[%clk 0:14:12]} 20.Bc4 {[%clk 0:37:22]}
Qd8 {[%clk 0:13:16]} 21.Ra1 {[%clk 0:36:08]} Qb6 {[%clk 0:12:36]}
22.O-O {[%clk 0:21:09]} Bb5 {[%clk 0:12:03]} 23.Qe2 {[%clk 0:21:30]}
a6 {[%clk 0:10:50]} 24.d4 {[%clk 0:21:20]} Rac8 {[%clk 0:07:26]}
25.Bxb5 {[%clk 0:20:29]} axb5 {[%clk 0:05:49]} 26.Ne5 {[%clk 0:17:42]}
Rfd8 {[%clk 0:05:19]} 27.Qh5 {[%clk 0:16:13]} Bf6 {[%clk 0:03:42]}
28.Qf7+ {[%clk 0:16:04]} Kh7 {[%clk 0:02:57]} 29.Nd7 {[%clk 0:09:05]}
Rxd7 {[%clk 0:03:24]} 30.Qxd7 {[%clk 0:09:29]} Rd8 {[%clk 0:03:17]}
31.Qf7 {[%clk 0:07:57]} cxd4 {[%clk 0:02:54]} 32.Ra7 {[%clk 0:08:15]}
e5 {[%clk 0:02:32]} 33.exd4 {[%clk 0:07:51]} exd4 {[%clk 0:02:51]}
34.Re1 {[%clk 0:07:17]} Rf8 {[%clk 0:00:36]} 35.Qxf8 {[%clk 0:07:00]}
Qxa7 {[%clk 0:01:06]} 36.Qxb4 {[%clk 0:07:19]} 1-0

[Event "European Clubs Cup"]
[Site "chess24.com"]
[Date "2018.10.13"]
[Round "2"]
[White "Longson, Alexander"]
[Black "Pulkkinen, Kari"]
[Result "1-0"]
[WhiteElo "2329"]
[BlackElo "2239"]
[Annotator ""]
[Source ""]
[Remark ""]

1.e4 {[%clk 1:30:56]} c5 {[%clk 1:30:48]} 2.Nf3 {[%clk 1:31:19]}
d6 {[%clk 1:31:04]} 3.d4 {[%clk 1:31:08]} cxd4 {[%clk 1:31:16]}
4.Nxd4 {[%clk 1:31:32]} Nf6 {[%clk 1:31:31]} 5.Nc3 {[%clk 1:31:51]}
Nc6 {[%clk 1:31:35]} 6.f3 {[%clk 1:31:28]} Qb6 {[%clk 1:26:40]}
7.Be3 {[%clk 1:31:48]} Qxb2 {[%clk 1:25:06]} 8.Ncb5 {[%clk 1:29:39]}
Qb4+ {[%clk 1:16:16]} 9.Bd2 {[%clk 1:27:28]} Qc5 {[%clk 1:16:32]}
10.Nc7+ {[%clk 1:27:05]} Kd8 {[%clk 1:13:54]} 11.Nb3 {[%clk 1:26:22]}
Qe5 {[%clk 1:10:05]} 12.Nxa8 {[%clk 1:25:47]} g6 {[%clk 1:07:51]}
13.Bd3 {[%clk 1:18:09]} Bg7 {[%clk 1:06:09]} 14.O-O {[%clk 1:12:48]}
Qh5 {[%clk 1:04:24]} 15.Rb1 {[%clk 1:09:32]} Be6 {[%clk 1:00:41]}
16.Be3 {[%clk 0:54:19]} Kc8 {[%clk 0:54:21]} 17.c3 {[%clk 0:41:38]}
Nd7 {[%clk 0:42:54]} 18.Nd4 {[%clk 0:38:35]} Be5 {[%clk 0:36:26]}
19.f4 {[%clk 0:31:52]} Bg4 {[%clk 0:35:23]} 20.Qc2 {[%clk 0:29:02]}
Bxd4 {[%clk 0:33:29]} 21.cxd4 {[%clk 0:27:53]} d5 {[%clk 0:32:57]}
22.Rxb7 {[%clk 0:20:43]} Kxb7 {[%clk 0:32:56]} 23.Ba6+ {[%clk 0:20:48]}
Kxa6 {[%clk 0:33:01]} 24.Qxc6+ {[%clk 0:21:08]} 1-0

[Event "European Clubs Cup"]
[Site "chess24.com"]
[Date "2018.10.13"]
[Round "2"]
[White "Issakainen, Ari"]
[Black "Cumming, Rhys"]
[Result "1/2-1/2"]
[WhiteElo "2185"]
[BlackElo "2224"]
[Annotator ""]
[Source ""]
[Remark ""]

1.d4 {[%clk 1:30:51]} Nf6 {[%clk 1:30:50]} 2.c4 {[%clk 1:31:05]}
g6 {[%clk 1:30:51]} 3.g3 {[%clk 1:30:47]} c6 {[%clk 1:30:35]}
4.Bg2 {[%clk 1:30:38]} d5 {[%clk 1:30:56]} 5.Nf3 {[%clk 1:30:22]}
Bg7 {[%clk 1:30:39]} 6.O-O {[%clk 1:30:19]} O-O {[%clk 1:31:03]}
7.Nbd2 {[%clk 1:27:30]} Bf5 {[%clk 1:27:07]} 8.b3 {[%clk 1:27:09]}
Ne4 {[%clk 1:25:42]} 9.Bb2 {[%clk 1:25:54]} Qa5 {[%clk 1:25:33]}
10.a3 {[%clk 1:17:57]} Nd7 {[%clk 1:25:17]} 11.b4 {[%clk 1:14:38]}
Qd8 {[%clk 1:23:41]} 12.Rc1 {[%clk 1:08:26]} Nb6 {[%clk 1:13:12]}
13.c5 {[%clk 1:01:50]} Nd7 {[%clk 1:13:19]} 14.Nh4 {[%clk 0:59:57]}
Nxd2 {[%clk 0:49:30]} 15.Qxd2 {[%clk 1:00:00]} Be6 {[%clk 0:49:26]}
16.Nf3 {[%clk 0:55:08]} Bf5 {[%clk 0:46:54]} 17.Nh4 {[%clk 0:49:56]}
Be6 {[%clk 0:46:50]} 18.f3 {[%clk 0:47:45]} Nf6 {[%clk 0:40:12]}
19.Bh1 {[%clk 0:35:59]} Bh3 {[%clk 0:33:57]} 20.Rfe1 {[%clk 0:34:03]}
Qd7 {[%clk 0:20:29]} 21.Rcd1 {[%clk 0:31:39]} Rad8 {[%clk 0:20:21]}
22.Ng2 {[%clk 0:22:53]} Qc7 {[%clk 0:18:53]} 23.Qc3 {[%clk 0:16:32]}
Nd7 {[%clk 0:10:07]} 24.Nf4 {[%clk 0:13:49]} Bf5 {[%clk 0:10:20]}
25.e4 {[%clk 0:12:01]} dxe4 {[%clk 0:10:12]} 26.fxe4 {[%clk 0:12:15]}
Bg4 {[%clk 0:10:41]} 27.Rd3 {[%clk 0:09:35]} Nb8 {[%clk 0:06:59]}
28.e5 {[%clk 0:07:16]} Bf5 {[%clk 0:04:30]} 29.Rdd1 {[%clk 0:07:17]}
e6 {[%clk 0:02:38]} 30.Qf3 {[%clk 0:06:10]} Qe7 {[%clk 0:01:46]}
31.Rd2 {[%clk 0:02:39]} f6 {[%clk 0:00:48]} 32.exf6 {[%clk 0:00:39]}
Bxf6 {[%clk 0:01:17]} 33.g4 {[%clk 0:00:54]} Bg5 {[%clk 0:01:07]}
34.Rf2 {[%clk 0:00:47]} Bxf4 {[%clk 0:00:47]} 35.Qxf4 {[%clk 0:00:54]}
Bd3 {[%clk 0:00:47]} 36.Qg3 {[%clk 0:01:00]} Rxf2 {[%clk 0:00:46]}
37.Kxf2 {[%clk 0:01:20]} Qf6+ {[%clk 0:00:34]} 38.Kg1 {[%clk 0:01:42]}
Bc4 {[%clk 0:00:56]} 39.Bc3 {[%clk 0:01:43]} Bd5 {[%clk 0:00:48]}
40.Bxd5 {[%clk 0:31:41]} exd5 {[%clk 0:30:51]} 41.Rf1 {[%clk 0:28:20]}
Qe7 {[%clk 0:29:01]} 42.Bd2 {[%clk 0:28:17]} Rc8 {[%clk 0:16:14]}
43.Bf4 {[%clk 0:22:29]} Nd7 {[%clk 0:16:11]} 44.Re1 {[%clk 0:22:22]}
Qf6 {[%clk 0:13:45]} 45.Qe3 {[%clk 0:22:28]} Nf8 {[%clk 0:11:33]}
46.Bg5 {[%clk 0:21:26]} Qf7 {[%clk 0:11:42]} 47.Bh6 {[%clk 0:19:48]}
Nd7 {[%clk 0:11:48]} 48.h3 {[%clk 0:14:57]} a6 {[%clk 0:10:15]}
49.Kg2 {[%clk 0:14:55]} Ra8 {[%clk 0:08:55]} 50.Bg5 {[%clk 0:11:34]}
Rf8 {[%clk 0:08:29]} 51.Bh6 {[%clk 0:11:43]} Ra8 {[%clk 0:08:53]}
52.Qe7 {[%clk 0:09:29]} Nf6 {[%clk 0:09:04]} 53.Qe2 {[%clk 0:03:50]}
Re8 {[%clk 0:09:32]} 54.Qd1 {[%clk 0:03:57]} Rxe1 {[%clk 0:09:42]}
55.Qxe1 {[%clk 0:04:25]} Ne4 {[%clk 0:09:26]} 56.Qe3 {[%clk 0:04:38]}
Qf6 {[%clk 0:07:01]} 57.Bf4 {[%clk 0:04:49]} Qe6 {[%clk 0:07:29]}
58.Be5 {[%clk 0:04:38]} Qe7 {[%clk 0:05:40]} 59.a4 {[%clk 0:04:53]}
Qg5 {[%clk 0:04:15]} 60.Bf4 {[%clk 0:05:05]} Qf6 {[%clk 0:04:15]}
61.Be5 {[%clk 0:05:25]} Qg5 {[%clk 0:04:40]} 62.Bf4 {[%clk 0:05:50]} 1/2-1/2

[Event "European Clubs Cup"]
[Site "chess24.com"]
[Date "2018.10.13"]
[Round "2"]
[White "Longson, Sarah N"]
[Black "Halmeenmaki, Tuomo"]
[Result "0-1"]
[WhiteElo "2149"]
[BlackElo "2177"]
[Annotator ""]
[Source ""]
[Remark ""]

1.e4 {[%clk 1:30:58]} d6 {[%clk 1:30:49]} 2.d4 {[%clk 1:31:22]}
Nf6 {[%clk 1:31:14]} 3.Nc3 {[%clk 1:31:43]} g6 {[%clk 1:31:35]}
4.Bg5 {[%clk 1:31:54]} c6 {[%clk 1:31:34]} 5.Qd2 {[%clk 1:31:49]}
Nbd7 {[%clk 1:31:12]} 6.Nf3 {[%clk 1:29:40]} h6 {[%clk 1:24:12]}
7.Bh4 {[%clk 1:27:31]} g5 {[%clk 1:18:04]} 8.Bg3 {[%clk 1:27:55]}
Nh5 {[%clk 1:17:58]} 9.e5 {[%clk 1:18:11]} g4 {[%clk 1:04:47]}
10.e6 {[%clk 1:12:37]} gxf3 {[%clk 1:04:29]} 11.exd7+ {[%clk 1:11:56]}
Bxd7 {[%clk 0:54:42]} 12.gxf3 {[%clk 1:08:52]} Qa5 {[%clk 0:53:01]}
13.Bc4 {[%clk 1:02:23]} Qf5 {[%clk 0:51:05]} 14.O-O-O {[%clk 0:57:27]}
O-O-O {[%clk 0:38:36]} 15.Qe3 {[%clk 0:50:16]} Re8 {[%clk 0:33:20]}
16.d5 {[%clk 0:43:44]} c5 {[%clk 0:31:45]} 17.Ne4 {[%clk 0:31:24]}
Nxg3 {[%clk 0:29:28]} 18.fxg3 {[%clk 0:23:51]} Bg7 {[%clk 0:29:18]}
19.Qb3 {[%clk 0:22:44]} h5 {[%clk 0:26:16]} 20.Kb1 {[%clk 0:15:00]}
h4 {[%clk 0:24:47]} 21.Rdf1 {[%clk 0:13:19]} hxg3 {[%clk 0:24:03]}
22.hxg3 {[%clk 0:13:24]} Qe5 {[%clk 0:18:14]} 23.Re1 {[%clk 0:12:36]}
Rxh1 {[%clk 0:17:46]} 24.Rxh1 {[%clk 0:12:59]} Rh8 {[%clk 0:16:30]}
25.Rxh8+ {[%clk 0:06:09]} Bxh8 {[%clk 0:16:49]} 26.Qc3 {[%clk 0:05:37]}
f5 {[%clk 0:10:03]} 27.f4 {[%clk 0:04:05]} Qd4 {[%clk 0:06:04]}
28.Qxd4 {[%clk 0:03:26]} Bxd4 {[%clk 0:06:31]} 29.Nd2 {[%clk 0:03:11]}
b5 {[%clk 0:05:16]} 30.Be2 {[%clk 0:02:53]} Bf2 {[%clk 0:02:20]}
31.Nf1 {[%clk 0:03:16]} c4 {[%clk 0:02:16]} 32.a4 {[%clk 0:03:12]}
a6 {[%clk 0:02:31]} 33.axb5 {[%clk 0:03:31]} axb5 {[%clk 0:02:49]}
34.c3 {[%clk 0:03:11]} Kc7 {[%clk 0:02:42]} 35.Kc2 {[%clk 0:02:39]}
Kb6 {[%clk 0:03:01]} 36.b4 {[%clk 0:02:21]} cxb3+ {[%clk 0:03:21]}
37.Kxb3 {[%clk 0:02:47]} Kc5 {[%clk 0:03:35]} 38.c4 {[%clk 0:02:16]}
bxc4+ {[%clk 0:01:24]} 39.Bxc4 {[%clk 0:02:34]} Bb5 {[%clk 0:01:36]}
40.Bxb5 {[%clk 0:32:26]} Kxb5 {[%clk 0:32:04]} 41.Kc3 {[%clk 0:31:40]}
Kc5 {[%clk 0:31:02]} 42.Kd3 {[%clk 0:30:45]} Kxd5 {[%clk 0:31:11]}
43.Ke2 {[%clk 0:31:04]} Bb6 {[%clk 0:17:10]} 44.Kd3 {[%clk 0:28:08]}
e5 {[%clk 0:17:13]} 45.fxe5 {[%clk 0:28:26]} dxe5 {[%clk 0:17:37]}
46.Ke2 {[%clk 0:28:18]} Ke6 {[%clk 0:13:20]} 47.Nd2 {[%clk 0:26:59]}
Kf6 {[%clk 0:13:19]} 48.Kf3 {[%clk 0:23:10]} Kg5 {[%clk 0:09:54]}
49.Nc4 {[%clk 0:18:09]} Bd4 {[%clk 0:09:20]} 50.Nd6 {[%clk 0:17:30]}
Bc5 {[%clk 0:09:16]} 51.Nc4 {[%clk 0:16:56]} e4+ {[%clk 0:09:20]}
52.Kg2 {[%clk 0:16:40]} Kf6 {[%clk 0:06:47]} 53.Nd2 {[%clk 0:13:31]}
Ke5 {[%clk 0:06:40]} 54.Nb3 {[%clk 0:13:38]} Kd5 {[%clk 0:05:39]}
55.Nc1 {[%clk 0:13:18]} Kc4 {[%clk 0:04:22]} 56.Kf1 {[%clk 0:09:42]}
Bd6 {[%clk 0:03:26]} 57.Kf2 {[%clk 0:09:53]} Be5 {[%clk 0:02:58]}
58.Ne2 {[%clk 0:09:56]} Kd3 {[%clk 0:03:12]} 59.Nc1+ {[%clk 0:09:49]}
Kc2 {[%clk 0:03:22]} 60.Ne2 {[%clk 0:10:12]} Kd2 {[%clk 0:03:43]}
61.Kf1 {[%clk 0:07:46]} e3 {[%clk 0:02:58]} 0-1

[Event "European Clubs Cup"]
[Site "chess24.com"]
[Date "2018.10.13"]
[Round "2"]
[White "Linnanen, Lassi"]
[Black "Walton, Alan J"]
[Result "1-0"]
[WhiteElo "2153"]
[BlackElo "2152"]
[Annotator ""]
[Source ""]
[Remark ""]

1.e4 {[%clk 1:30:53]} e6 {[%clk 1:30:54]} 2.d4 {[%clk 1:31:14]}
d5 {[%clk 1:31:19]} 3.Bd3 {[%clk 1:31:26]} Nf6 {[%clk 1:30:54]}
4.e5 {[%clk 1:31:40]} Nfd7 {[%clk 1:31:20]} 5.Nf3 {[%clk 1:32:00]}
c5 {[%clk 1:31:39]} 6.c3 {[%clk 1:32:22]} Nc6 {[%clk 1:31:55]}
7.O-O {[%clk 1:32:43]} Qb6 {[%clk 1:28:53]} 8.Bc2 {[%clk 1:32:12]}
h6 {[%clk 1:27:00]} 9.a3 {[%clk 1:22:06]} a5 {[%clk 1:25:05]}
10.b3 {[%clk 1:21:34]} Qc7 {[%clk 1:15:02]} 11.Re1 {[%clk 1:16:58]}
g5 {[%clk 1:14:06]} 12.c4 {[%clk 1:12:06]} Nxd4 {[%clk 1:08:42]}
13.cxd5 {[%clk 1:07:35]} Nxf3+ {[%clk 1:06:53]} 14.Qxf3 {[%clk 1:07:15]}
Bg7 {[%clk 1:04:06]} 15.dxe6 {[%clk 0:38:08]} Nxe5 {[%clk 1:03:02]}
16.exf7+ {[%clk 0:37:00]} Qxf7 {[%clk 0:59:44]} 17.Qe4 {[%clk 0:35:23]}
Rf8 {[%clk 0:53:27]} 18.f4 {[%clk 0:34:52]} Be6 {[%clk 0:49:42]}
19.Bb2 {[%clk 0:22:38]} Nf3+ {[%clk 0:47:46]} 20.gxf3 {[%clk 0:23:01]}
Bxb2 {[%clk 0:48:11]} 21.Ra2 {[%clk 0:22:49]} Bd4+ {[%clk 0:48:24]}
22.Kh1 {[%clk 0:22:18]} Kd7 {[%clk 0:47:16]} 23.Qxb7+ {[%clk 0:21:54]}
Kd6 {[%clk 0:47:39]} 24.Qb6+ {[%clk 0:17:11]} Kd7 {[%clk 0:48:06]}
25.Be4 {[%clk 0:12:43]} Rac8 {[%clk 0:42:57]} 26.Qb5+ {[%clk 0:10:51]}
Kd6 {[%clk 0:42:17]} 27.Qa6+ {[%clk 0:09:52]} Kd7 {[%clk 0:42:09]}
28.Qb5+ {[%clk 0:09:45]} Kd6 {[%clk 0:42:36]} 29.Rae2 {[%clk 0:08:33]}
Rfe8 {[%clk 0:32:15]} 30.Bb7 {[%clk 0:07:45]} Rc7 {[%clk 0:31:24]}
31.Qa6+ {[%clk 0:06:08]} Kd7 {[%clk 0:31:48]} 32.Qb5+ {[%clk 0:05:54]}
Kd6 {[%clk 0:32:13]} 33.f5 {[%clk 0:06:14]} Rxb7 {[%clk 0:32:05]}
34.Rxe6+ {[%clk 0:06:14]} Rxe6 {[%clk 0:32:31]} 35.Rxe6+ {[%clk 0:06:34]}
Kc7 {[%clk 0:32:44]} 36.Qxa5+ {[%clk 0:05:37]} Kd7 {[%clk 0:32:36]}
37.Qa6 {[%clk 0:04:16]} Rc7 {[%clk 0:31:47]} 38.Rd6+ {[%clk 0:02:26]}
Ke7 {[%clk 0:31:26]} 39.Re6+ {[%clk 0:02:17]} Kf8 {[%clk 0:31:40]}
40.f6 {[%clk 0:31:00]} Kg8 {[%clk 0:59:25]} 41.Nd2 {[%clk 0:30:13]}
Qd7 {[%clk 0:56:56]} 42.Qe2 {[%clk 0:29:54]} Rc8 {[%clk 0:54:45]}
43.Qe4 {[%clk 0:28:16]} Qf7 {[%clk 0:53:31]} 44.Nc4 {[%clk 0:24:41]}
Qh5 {[%clk 0:50:27]} 45.Nd6 {[%clk 0:23:38]} Rf8 {[%clk 0:50:28]}
46.Re7 {[%clk 0:21:39]} 1-0

[Event "European Clubs Cup"]
[Site "chess24.com"]
[Date "2018.10.13"]
[Round "2"]
[White "Adams, Philip"]
[Black "Kivilahti, Rami"]
[Result "1/2-1/2"]
[WhiteElo "1980"]
[BlackElo "2057"]
[Annotator ""]
[Source ""]
[Remark ""]

1.e4 {[%clk 1:30:41]} c6 {[%clk 1:30:57]} 2.d4 d5 {[%clk 1:31:23]}
3.exd5 {[%clk 1:31:07]} cxd5 {[%clk 1:31:38]} 4.c4 {[%clk 1:31:31]}
Nf6 {[%clk 1:31:56]} 5.Nc3 {[%clk 1:31:55]} e6 {[%clk 1:31:59]}
6.Nf3 {[%clk 1:32:10]} Be7 {[%clk 1:25:53]} 7.cxd5 {[%clk 1:31:51]}
Nxd5 {[%clk 1:25:42]} 8.Bd3 {[%clk 1:32:01]} O-O {[%clk 1:22:36]}
9.O-O {[%clk 1:32:22]} Nc6 {[%clk 1:21:38]} 10.Re1 {[%clk 1:32:24]}
Bf6 {[%clk 1:11:36]} 11.Be4 {[%clk 1:32:34]} Ncb4 {[%clk 1:08:06]}
12.a3 {[%clk 1:23:59]} Nc6 {[%clk 1:05:25]} 13.Bc2 {[%clk 1:08:25]}
g6 {[%clk 0:58:16]} 14.Bh6 {[%clk 1:02:09]} Re8 {[%clk 0:56:32]}
15.Bb3 {[%clk 0:54:08]} Nce7 {[%clk 0:43:48]} 16.Ne4 {[%clk 0:47:28]}
Bg7 {[%clk 0:40:12]} 17.Bxg7 {[%clk 0:34:05]} Kxg7 {[%clk 0:40:07]}
18.Rc1 {[%clk 0:34:18]} f6 {[%clk 0:25:08]} 19.h4 {[%clk 0:26:44]}
b6 {[%clk 0:22:23]} 20.Qd2 {[%clk 0:17:05]} Bb7 {[%clk 0:18:25]}
21.Ba4 {[%clk 0:15:18]} Rf8 {[%clk 0:16:24]} 22.Ng3 {[%clk 0:12:23]}
Bc8 {[%clk 0:11:20]} 23.h5 {[%clk 0:10:55]} Bd7 {[%clk 0:11:04]}
24.Bxd7 {[%clk 0:07:01]} Qxd7 {[%clk 0:11:29]} 25.hxg6 {[%clk 0:06:56]}
hxg6 {[%clk 0:11:29]} 26.Qe2 {[%clk 0:03:11]} Nf4 {[%clk 0:08:32]}
27.Qe4 {[%clk 0:03:01]} Ned5 {[%clk 0:08:13]} 28.Nf1 {[%clk 0:01:21]}
Rae8 {[%clk 0:06:54]} 29.g3 {[%clk 0:01:05]} Nh5 {[%clk 0:05:37]}
30.Nh4 {[%clk 0:00:58]} Qf7 {[%clk 0:05:04]} 31.Rc6 {[%clk 0:00:47]}
g5 {[%clk 0:03:09]} 32.Nf3 {[%clk 0:01:03]} Nc7 {[%clk 0:03:09]}
33.N1d2 {[%clk 0:00:48]} b5 {[%clk 0:02:22]} 34.Nb3 {[%clk 0:00:51]}
Re7 {[%clk 0:02:23]} 35.Nc5 {[%clk 0:00:45]} Rfe8 {[%clk 0:02:47]}
36.Rc1 {[%clk 0:00:45]} Nd5 {[%clk 0:01:07]} 37.Re1 {[%clk 0:01:08]}
Nc7 {[%clk 0:01:29]} 38.Nb7 {[%clk 0:00:57]} Qg6 {[%clk 0:00:53]}
39.Qe2 {[%clk 0:00:36]} Rb8 {[%clk 0:00:34]} 40.Nc5 {[%clk 0:30:49]}
Rbe8 {[%clk 0:30:51]} 41.b4 {[%clk 0:25:22]} Kf7 {[%clk 0:19:43]}
42.Ne4 {[%clk 0:20:45]} Kf8 {[%clk 0:14:01]} 43.Nc5 {[%clk 0:18:00]}
Ng7 {[%clk 0:13:41]} 44.Rc1 {[%clk 0:13:50]} 1/2-1/2